| 000 | 00411nam a22001697a 4500 | ||
|---|---|---|---|
| 003 | ASAB | ||
| 005 | 20180827062749.0 | ||
| 008 | 151208t xxu||||| |||| 00| 0 eng d | ||
| 020 | _681-7754-139-0 | ||
| 040 | _cASAB | ||
| 082 | _a660.6 | ||
| 100 |
_aS.S. Purohit _91615 |
||
| 245 | _aBiotechnology fundamentals and applications | ||
| 250 | _afourth enlarged edition | ||
| 300 | _a1049 P | ||
| 942 |
_2ddc _cBK |
||
| 999 |
_c480575 _d480575 |
||